| 000 | 01341cam a22002054a 4500 | ||
|---|---|---|---|
| 005 | 20250605164234.0 | ||
| 008 | 250528s ||||||||||||||||||||||||d | ||
| 035 | _a21064 | ||
| 020 | _a9780495115212 | ||
| 040 |
_aGR-AtMCL _bgre _dGR-AtMCL _eAACR2 |
||
| 245 | 1 | _aTheory and Practice of Group Counselling / Seventh Edition | |
| 250 | _a7th | ||
| 260 |
_bThomson - Brooks/Cole, _c2008 |
||
| 300 | _a518 | ||
| 520 | _aBasic Elements of Group Process: An Overview, Introduction to Group Work, Group Leadership, Ethical and Professional Issues in Group Practice, Early Stages in the Development of a Group, Later Stages in the Development of a Group, References and Suggested Reading for Part I, Theoretical Approaches to Group Counselling, The Psychoanalytic Approach to Groups, Adlerian Group Counselling, Psychodrama in Groups, The Existential Approach to Groups, The Person-Centered Approach to Groups, Gestalt Therapy in Groups, Transactional Analysis in Groups, Cognitive Behavioral Approaches to Groups, Rational Emotive Behavior Therapy in Groups, Reality Therapy in Groups, Solution-Focused Brief Therapy in Groups, Integration and Application, Comparisons and Contrasts and Integration, The Evolution of a Group: An Integrative Perspective. | ||
| 700 | 1 |
_aCorey Gerald _9155 |
|
| 942 | _cBK | ||
| 999 |
_c6135 _d6135 |
||